000 00676nam a2200205 a 4500
001 000017433
005 20240412074247.0
008 100324s1982 dr a r 000 p spa d
040 _aDO-SdBNP
_bspa
_cBNPHU
082 _aRD861.44
_bF673a
100 1 _aFondeur de Miguel, Aura Luz
_938117
245 1 0 _aAlas de mi conciencia /
_cAura Luz de Miguel ; prólogo Leo Beato.
260 _a[Santo Domingo] :
_bAmigo del Hogar,
_c1982.
300 _a76 p. :
_bil. ;
_c22 cm.
590 _aInventariado, 2018/BT
650 0 _aPoesía dominicana
_966
650 0 _aLiteratura dominicana.
_967
700 1 _aBeato, Leo,
_epról.
_922605
910 _aValidado. Control de calidad. MMOLINA
999 _c16958
_d16958